000 01768nam0a22003971 4500
001 RU\NLR\Evr\9518
005 20251202160538.0
035 _a(NLR Aleph) 011425891
090 _a11627378
_c11627378
100 _a20160510d1985 u y0rusy50 ca
101 0 _ayid
102 _aRU
105 _ac |||||||||
200 1 _6a01
_7ba
_aTyumener fartsaykhenungen
_fKima Greydina
_g[Unter der algemayner redaktsie fun Aron Vergelis]
210 _6a01
_aMoskve
_cSovetski pisatel
_d1985
_7ca
210 _6a01
_9z02
_aמאָסקווע
_cסאָוועטסקי פיסאטעל
_d1985
210 _9z02
_aМосква
_cСоветский писатель
_d1985
_7ca
215 _a64 с.
_cпортр.
_d17 см.
225 1 _6a01
_7ba
_aBibliotek fun "Sovetish Heymland"
_v№ 8 (56)
225 1 _6a01
_9z02
_aביבליאָטעק פון סאָוועטיש היימלאנד
_v№ 8 (56)
225 1 _7ca
_9z02
_aБиблиотека [журнала] "Советиш Геймланд"
_v№ 8 (56)
510 1 _6a01
_aטיומענער פארצייכענונגען
_fקימא גריידינא
_g[אונטער דער אלגעמייער רעדאקציעפון ארן ווערגעליס]
512 1 _aТюменские очерки
_zrus
517 1 _aТюменьские очерки
_zrus
541 1 _aТюменские зарисовки
_zrus
700 1 _6a01
_aГрейдина
_bК.
_f1926-
_gКима
_3RU\NLR\AUTH\7959118
_4070
_7ca
702 1 _aВергелис
_bА.
_f1918-1999
_gАрон
_3RU\NLR\AUTH\7950747
_4340
_7ca
801 0 _aRU
_bNLR
_c20160510
_gpsbo
801 0 _aRU
_bNLR
_gPSBO
801 1 _aRU
_bNLR
_c20160510
_2rusmarc
801 2 _aRU
_bNLR
_c20160510
_2rusmarc
852 _aNLR
_bОЛСАА/идиш
_j2-2224
942 _cBOOK
980 _aNB
980 1 _aIDISH